[Event "GER-chT Seniors 12th"]
[Site "Finsterbergen"]
[Date "2003.08.13"]
[Round "4.4"]
[White "Schmid, Hartmut"]
[Black "Boettger, Reiner"]
[Result "1-0"]
[WhiteElo "2285"]
[BlackElo "1975"]
[PlyCount "37"]
[EventDate "2003.08.10"]
[EventType "team"]
[EventRounds "7"]
[EventCountry "GER"]
[SourceTitle "EXT 2012"]
[Source "ChessBase"]
[SourceDate "2011.11.24"]
[SourceVersion "1"]
[SourceVersionDate "2011.11.24"]
[SourceQuality "1"]
[WhiteTeam "Wuerttemberg"]
[BlackTeam "Niedersachsen II"]
[WhiteTeamCountry "GER"]
[BlackTeamCountry "GER"]

1. e4 c5 2. Nf3 d6 3. d4 cxd4 4. Nxd4 Nf6 5. Nc3 g6 6. f4 Nc6 7. Nxc6 bxc6 8. e5 dxe5 9. Qxd8+ Kxd8 10. fxe5 Ng4 11. Bf4 Bg7 12. 0-0-0+ Bd7 13. e6 fxe6 14. Bc4 Kc8 15. Ba6+ Kd8 16. Bb7 Rc8 17. Rxd7+ Kxd7 18. Rd1+ Ke8 19. Bxc8 1-0